[Event "COL-ch U1700"]
[Site "Pereira"]
[Date "2022.02.20"]
[Round "9"]
[White "Reyes Aristizabal, Andres"]
[Black "Jaramillo, Amparo"]
[Result "1-0"]
[WhiteElo "1566"]
[BlackElo "1331"]
[PlyCount "45"]
[EventDate "2022.02.16"]
[EventType "swiss"]
[EventRounds "9"]
[EventCountry "COL"]
[SourceTitle "CBM 207 Extra"]
[Source "ChessBase"]
[SourceDate "2022.05.31"]
[SourceVersion "1"]
[SourceVersionDate "2022.05.31"]
[SourceQuality "1"]

1. d4 Nf6 2. e3 e6 3. Bd3 c5 4. c3 d5 5. f4 cxd4 6. cxd4 Bb4+ 7. Bd2 Qa5 8. Nc3 Bd7 9. a3 Be7 10. Nf3 Qb6 11. b4 Bc6 12. 0-0 Nbd7 13. b5 Ne4 14. bxc6 bxc6 15. Ne5 Nxd2 16. Qxd2 Nxe5 17. fxe5 0-0 18. Qc2 g6 19. Na4 Qc7 20. Nc5 Bg5 21. Rf3 Qa5 22. a4 Rab8 23. Nd7 1-0

[Event "COL-ch U1700"]
[Site "Pereira"]
[Date "2022.02.19"]
[Round "7"]
[White "Torres, Saulo de Jesus"]
[Black "Jaramillo, Amparo"]
[Result "1/2-1/2"]
[WhiteElo "1690"]
[BlackElo "1331"]
[PlyCount "76"]
[EventDate "2022.02.16"]
[EventType "swiss"]
[EventRounds "9"]
[EventCountry "COL"]
[SourceTitle "CBM 207 Extra"]
[Source "ChessBase"]
[SourceDate "2022.05.31"]
[SourceVersion "1"]
[SourceVersionDate "2022.05.31"]
[SourceQuality "1"]

1. e4 d5 2. exd5 Nf6 3. d4 Nxd5 4. c4 Nf6 5. Be2 Bf5 6. Nc3 e6 7. Nf3 Nc6 8. a3 Be7 9. 0-0 0-0 10. h3 h6 11. Be3 Re8 12. Bd3 Bxd3 13. Qxd3 Nh7 14. d5 exd5 15. cxd5 Bf6 16. Qb5 Ne5 17. Nd4 Qd7 18. Rfd1 a6 19. Qxd7 Nxd7 20. Nf5 Rad8 21. Rac1 Ng5 22. Bf4 Rc8 23. Rc2 Kh7 24. Na4 b5 25. Nc3 g6 26. Nd4 Nc5 27. Ncxb5 axb5 28. Rxc5 Re4 29. Be3 Be7 30. Rxb5 f5 31. Nc6 Bd6 32. b4 f4 33. Bd4 f3 34. Be3 fxg2 35. Kxg2 Rh4 36. Rd4 Rxh3 37. Bxg5 Rh2+ 38. Kg1 hxg5 1/2-1/2

[Event "Manizales Las Americas op-C"]
[Site "Manizales"]
[Date "2021.10.18"]
[Round "8"]
[White "Sanchez Ospina, William"]
[Black "Jaramillo, Amparo"]
[Result "1-0"]
[WhiteElo "1658"]
[BlackElo "1329"]
[PlyCount "71"]
[EventDate "2021.10.14"]
[EventType "swiss"]
[EventRounds "9"]
[EventCountry "COL"]
[SourceTitle "EXT 2023"]
[Source "ChessBase"]
[SourceDate "2022.10.05"]
[SourceVersion "1"]
[SourceVersionDate "2022.10.05"]
[SourceQuality "1"]

1. d4 Nf6 2. Bf4 d6 3. Nf3 Nbd7 4. e3 c6 5. Nbd2 Qc7 6. c3 Nh5 7. Bg5 h6 8. Bh4 e5 9. Be2 Be7 10. Bxe7 Kxe7 11. Nxe5 dxe5 12. Bxh5 exd4 13. exd4 Re8 14. 0-0 Nf6 15. Nc4 Nxh5 16. Qxh5 Kf8 17. Ne5 Be6 18. f4 b5 19. f5 Bd5 20. Rae1 Kg8 21. f6 Re6 22. fxg7 f6 23. Qxh6 Qxg7 24. Qxg7+ Kxg7 25. Nd7 Rxe1 26. Rxe1 Bxa2 27. h3 a5 28. Nc5 a4 29. Re7+ Kg6 30. Rc7 Bd5 31. Nd3 Kf5 32. Nb4 a3 33. bxa3 Rxa3 34. Nxd5 cxd5 35. Rc5 Ke4 36. h4 1-0

[Event "COL-ch sf (Women)"]
[Site "Santa Rosa"]
[Date "2021.08.15"]
[Round "7"]
[White "Sanchez Riobo, Emily Dainne"]
[Black "Jaramillo, Amparo"]
[Result "1/2-1/2"]
[WhiteElo "1368"]
[BlackElo "1355"]
[PlyCount "137"]
[EventDate "2021.08.12"]
[EventType "swiss"]
[EventRounds "9"]
[EventCountry "COL"]
[SourceTitle "CBM 204 Extra"]
[Source "ChessBase"]
[SourceDate "2021.11.30"]
[SourceVersion "1"]
[SourceVersionDate "2021.11.30"]
[SourceQuality "1"]

1. d4 Nf6 2. c4 e5 3. dxe5 Ne4 4. Nf3 Nc6 5. Qd5 Bb4+ 6. Bd2 Nxd2 7. Nbxd2 0-0 8. g3 Re8 9. Rd1 Qe7 10. a3 Bxd2+ 11. Rxd2 Nxe5 12. Nxe5 Qxe5 13. Bg2 d6 14. e3 Rb8 15. 0-0 Qf6 16. b4 Re5 17. Qd4 b6 18. Rc1 Bf5 19. h3 h5 20. Kh2 Bg6 21. c5 dxc5 22. bxc5 Rf5 23. Qxf6 Rxf6 24. cxb6 cxb6 25. Rc7 a5 26. Kg1 Kh7 27. Rdd7 Bf5 28. Rxf7 Rxf7 29. Rxf7 Kg6 30. Rc7 b5 31. Rb7 Rxb7 32. Bxb7 b4 33. axb4 axb4 34. Bd5 Bc2 35. e4 b3 36. Bxb3 Bxb3 37. f4 Bc2 38. e5 Kf5 39. Kf2 Ba4 40. Kf3 Bc6+ 41. Ke3 g6 42. Kf2 Ke6 43. Ke3 Bg2 44. h4 Bh3 45. Kd4 Bg2 46. Kc5 Bf3 47. Kb6 Kd5 48. Kc7 Bg4 49. Kd8 Ke6 50. Ke8 Bf5 51. Kf8 Be4 52. Kg7 Ke7 53. Kh6 Kf7 54. Kh7 Bf5 55. Kh8 Ke6 56. Kg7 Bc2 57. Kh6 Kf5 58. Kg7 Bb3 59. Kh6 Bf7 60. Kg7 Ke6 61. Kh6 Ke7 62. Kg5 Ke6 63. g4 hxg4 64. Kxg4 Be8 65. Kg5 Bf7 66. Kg4 Be8 67. Kg5 Bf7 68. Kg4 Be8 69. Kg5 1/2-1/2

[Event "COL-ch sf (Women)"]
[Site "Santa Rosa"]
[Date "2021.08.12"]
[Round "1"]
[White "Ocampo Betancur, Cristina Angela"]
[Black "Jaramillo, Amparo"]
[Result "1-0"]
[WhiteElo "1999"]
[BlackElo "1355"]
[PlyCount "75"]
[EventDate "2021.08.12"]
[EventType "swiss"]
[EventRounds "9"]
[EventCountry "COL"]
[SourceTitle "CBM 204 Extra"]
[Source "ChessBase"]
[SourceDate "2021.11.30"]
[SourceVersion "1"]
[SourceVersionDate "2021.11.30"]
[SourceQuality "1"]

1. e4 e6 2. d4 d5 3. Nc3 Nf6 4. Bg5 Be7 5. e5 Nfd7 6. Bxe7 Qxe7 7. f4 a6 8. Nf3 c5 9. Qd2 Nc6 10. dxc5 Nxc5 11. Bd3 Nxd3+ 12. Qxd3 h6 13. 0-0-0 Bd7 14. Kb1 b5 15. g4 b4 16. Ne2 Na5 17. Ned4 Nc4 18. f5 Bb5 19. Nxb5 axb5 20. Qd4 0-0 21. f6 Qa7 22. Qxa7 Rxa7 23. b3 Nb6 24. Kb2 Rfa8 25. Ra1 Nd7 26. fxg7 Kxg7 27. Rhd1 Nb6 28. Rd4 Rc7 29. Rxb4 Rc5 30. Nd4 Nd7 31. Re1 Rb8 32. Nf3 Rbc8 33. Re2 Nf8 34. Nd4 f6 35. exf6+ Kxf6 36. Nxb5 e5 37. Nd6 R8c6 38. Rf2+ 1-0

[Event "Coliseo Department-ch"]
[Site "Coliseo"]
[Date "2020.12.12"]
[Round "3"]
[White "Uribe, Alquiber"]
[Black "Jaramillo, Amparo"]
[Result "1-0"]
[WhiteElo "1677"]
[BlackElo "1358"]
[PlyCount "71"]
[EventDate "2020.12.11"]
[EventType "swiss"]
[EventRounds "7"]
[EventCountry "COL"]
[SourceTitle "EXT 2022"]
[Source "ChessBase"]
[SourceDate "2021.10.06"]
[SourceVersion "1"]
[SourceVersionDate "2021.10.06"]
[SourceQuality "1"]

1. c4 Nf6 2. d4 e5 3. dxe5 Ng4 4. Qd4 d6 5. exd6 Bxd6 6. Nc3 0-0 7. Nf3 Nc6 8. Qd1 Bf5 9. Bg5 Qe8 10. a3 h6 11. Bd2 Rd8 12. g3 Bc5 13. e3 Nce5 14. b4 Be7 15. h3 Nxe3 16. fxe3 Nd3+ 17. Bxd3 Bxd3 18. Qb3 Qc6 19. Nd5 Bf6 20. Qxd3 Qd6 21. Nxf6+ Qxf6 22. Nd4 b6 23. Qf5 Qd6 24. Qf4 Qd7 25. 0-0-0 c5 26. Nf5 Qd3 27. Qe5 f6 28. Qe6+ Kh8 29. Kb2 Rfe8 30. Ne7 Qe2 31. Kb3 Rd3+ 32. Ka4 Red8 33. Qf7 Qf3 34. Rhf1 Qa8 35. Rxf6 a5 36. Rxh6+ 1-0

[Event "COL-ch Amateur U1700"]
[Site "Paipa"]
[Date "2020.03.01"]
[Round "9"]
[White "Valcarcel Sierra, Gustavo"]
[Black "Jaramillo, Amparo"]
[Result "1-0"]
[WhiteElo "1566"]
[BlackElo "1354"]
[PlyCount "43"]
[EventDate "2020.02.26"]
[EventType "swiss"]
[EventRounds "9"]
[EventCountry "COL"]
[SourceTitle "EXT 2021"]
[Source "ChessBase"]
[SourceDate "2020.10.23"]
[SourceVersion "1"]
[SourceVersionDate "2020.10.23"]
[SourceQuality "1"]

1. d4 d5 2. c4 e6 3. Nc3 Nf6 4. Bg5 Be7 5. Nf3 b6 6. Bxf6 Bxf6 7. cxd5 exd5 8. e3 0-0 9. Bd3 Bb7 10. 0-0 Nd7 11. Rc1 a6 12. Re1 Be7 13. Ne2 Nf6 14. Ng3 Rc8 15. Bb1 h6 16. Qd3 Ne4 17. Nd2 f5 18. Nxf5 Bb4 19. Nxh6+ gxh6 20. Nxe4 dxe4 21. Qc4+ Bd5 22. Qxb4 1-0

[Event "COL-ch Amateur U1700"]
[Site "Paipa"]
[Date "2020.02.28"]
[Round "5"]
[White "Jaramillo, Amparo"]
[Black "Herrera Nopan, Fabian"]
[Result "1/2-1/2"]
[WhiteElo "1354"]
[BlackElo "1595"]
[PlyCount "23"]
[EventDate "2020.02.26"]
[EventType "swiss"]
[EventRounds "9"]
[EventCountry "COL"]
[SourceTitle "EXT 2021"]
[Source "ChessBase"]
[SourceDate "2020.10.23"]
[SourceVersion "1"]
[SourceVersionDate "2020.10.23"]
[SourceQuality "1"]

1. Nf3 d5 2. d4 Nf6 3. g3 Nc6 4. Bg2 e6 5. 0-0 Be7 6. e3 0-0 7. Nbd2 b6 8. c3 Bb7 9. b3 Rb8 10. Bb2 Re8 11. Re1 Bd6 12. Qc2 1/2-1/2

[Event "COL-ch U1800"]
[Site "Villamaria"]
[Date "2019.11.02"]
[Round "2"]
[White "Jaramillo, Amparo"]
[Black "Ramirez Zuluaga, Juan Diego"]
[Result "0-1"]
[WhiteElo "1366"]
[BlackElo "1476"]
[PlyCount "66"]
[EventDate "2019.11.01"]
[EventType "swiss"]
[EventRounds "7"]
[EventCountry "COL"]
[SourceTitle "CBM 193 Extra"]
[Source "ChessBase"]
[SourceDate "2020.01.31"]
[SourceVersion "1"]
[SourceVersionDate "2020.01.31"]
[SourceQuality "1"]

1. Nf3 d5 2. d4 Nf6 3. Bf4 c5 4. e3 Nc6 5. c3 Bg4 6. h3 Bh5 7. Nbd2 e6 8. Be2 Bg6 9. 0-0 Bd6 10. Ne5 Bxe5 11. dxe5 Nd7 12. Nf3 c4 13. b3 b5 14. a4 a6 15. axb5 axb5 16. Rxa8 Qxa8 17. Nd4 Qb7 18. Nxc6 Qxc6 19. bxc4 bxc4 20. Qd4 h6 21. Bg3 0-0 22. f4 Nc5 23. Bh4 Nb3 24. Qa7 Ra8 25. Qe7 Nd2 26. Re1 Qb6 27. Bd1 Qb2 28. Qb4 Qxb4 29. cxb4 c3 30. Re2 Ra1 31. Kh2 Rxd1 32. b5 Bd3 33. b6 Bxe2 0-1

[Event "COL-ch U1800"]
[Site "Villamaria"]
[Date "2019.11.01"]
[Round "1"]
[White "Giraldo Aristizabal, Marlon"]
[Black "Jaramillo, Amparo"]
[Result "1-0"]
[WhiteElo "1763"]
[BlackElo "1366"]
[PlyCount "61"]
[EventDate "2019.11.01"]
[EventType "swiss"]
[EventRounds "7"]
[EventCountry "COL"]
[SourceTitle "CBM 193 Extra"]
[Source "ChessBase"]
[SourceDate "2020.01.31"]
[SourceVersion "1"]
[SourceVersionDate "2020.01.31"]
[SourceQuality "1"]

1. e4 e5 2. Nf3 d6 3. d4 exd4 4. Bc4 Be7 5. c3 Nf6 6. Qb3 0-0 7. e5 Ne4 8. cxd4 Nc6 9. Bd3 Ng5 10. Nxg5 Bxg5 11. f4 Be7 12. d5 Nd4 13. Qc4 dxe5 14. fxe5 Nf5 15. 0-0 g6 16. Nc3 b6 17. g4 Bc5+ 18. Kh1 Ne3 19. Bxe3 Bxe3 20. Rf3 Bc5 21. b4 Be7 22. Be4 Rb8 23. h3 b5 24. Qb3 a6 25. Raf1 Bg5 26. e6 f6 27. e7 Qxe7 28. d6+ Be6 29. dxe7 Bxb3 30. exf8Q+ Kxf8 31. axb3 1-0

[Event "COL-ch U1700"]
[Site "Pereira"]
[Date "2019.03.22"]
[Round "2"]
[White "Sepulveda, Uriel Antonio"]
[Black "Jaramillo, Amparo"]
[Result "1-0"]
[WhiteElo "1676"]
[BlackElo "1387"]
[PlyCount "77"]
[EventDate "2019.03.21"]
[EventType "swiss"]
[EventRounds "9"]
[EventCountry "COL"]
[SourceTitle "CBM 189 Extra"]
[Source "ChessBase"]
[SourceDate "2019.06.03"]
[SourceVersion "1"]
[SourceVersionDate "2019.06.03"]
[SourceQuality "1"]

1. d4 d5 2. Nf3 e6 3. Bf4 Nf6 4. e3 Bd6 5. Bg3 a6 6. Bd3 Bxg3 7. hxg3 Nbd7 8. Nbd2 c5 9. c3 h6 10. a4 c4 11. Bc2 Rb8 12. a5 b5 13. Qe2 Bb7 14. e4 0-0 15. e5 Nh7 16. g4 Ng5 17. Nxg5 Qxg5 18. Rh5 Qe7 19. g5 f5 20. gxf6 Nxf6 21. exf6 Rxf6 22. Nf3 b4 23. Ne5 b3 24. Bb1 Qc7 25. Ng4 Rf7 26. Qe5 Qxe5+ 27. Rxe5 Bc8 28. Bg6 Rf4 29. f3 Rb7 30. Ke2 Re7 31. Ra4 Bd7 32. Rb4 Be8 33. Bxe8 Rxe8 34. Rb6 h5 35. Rxh5 Kf7 36. Re5 Rf5 37. Rxf5+ exf5+ 38. Ne5+ Kg8 39. Rxa6 1-0

[Event "COL pre olympic sf3"]
[Site "Dosquebradas"]
[Date "2018.06.01"]
[Round "5"]
[White "Molina, Luisa Fernanda"]
[Black "Jaramillo, Amparo"]
[Result "1-0"]
[WhiteElo "1564"]
[BlackElo "1419"]
[PlyCount "45"]
[EventDate "2018.05.30"]
[EventType "swiss"]
[EventRounds "10"]
[EventCountry "COL"]
[SourceTitle "CBM 184 Extra"]
[Source "ChessBase"]
[SourceDate "2018.06.28"]
[SourceVersion "1"]
[SourceVersionDate "2018.06.28"]
[SourceQuality "1"]

1. e4 e6 2. d4 d5 3. exd5 Qxd5 4. Nc3 Qd8 5. Nf3 Nf6 6. Bc4 Be7 7. Bf4 a6 8. d5 exd5 9. Nxd5 Nxd5 10. Bxd5 c6 11. Bb3 Qxd1+ 12. Rxd1 Bg4 13. Bxf7+ Kxf7 14. Ne5+ Kf6 15. Nxg4+ Kf5 16. Bxb8 Raxb8 17. Ne3+ Kg6 18. 0-0 Bc5 19. Rfe1 Rhf8 20. Re2 h6 21. Nc4 Rf6 22. Ne5+ Kh7 23. Nd7 1-0

[Event "COL pre olympic sf3"]
[Site "Dosquebradas"]
[Date "2018.05.30"]
[Round "1"]
[White "Jaramillo, Amparo"]
[Black "Ossa, Vladimir"]
[Result "0-1"]
[WhiteElo "1419"]
[BlackElo "1985"]
[PlyCount "78"]
[EventDate "2018.05.30"]
[EventType "swiss"]
[EventRounds "10"]
[EventCountry "COL"]
[SourceTitle "CBM 184 Extra"]
[Source "ChessBase"]
[SourceDate "2018.06.28"]
[SourceVersion "1"]
[SourceVersionDate "2018.06.28"]
[SourceQuality "1"]

1. e4 d6 2. d4 c6 3. Nf3 Qc7 4. Be2 e5 5. c3 Nf6 6. Nbd2 Be7 7. Qc2 Bg4 8. h3 Bh5 9. 0-0 0-0 10. Re1 Nbd7 11. Nh4 Bxe2 12. Rxe2 Rfe8 13. Nf5 Bf8 14. Nf3 d5 15. exd5 e4 16. Ne1 cxd5 17. g3 Qc6 18. Ng2 b5 19. a3 a5 20. Bd2 Nb6 21. Nfe3 Nc4 22. Nxc4 Qxc4 23. Be3 Rec8 24. Rc1 Ra6 25. Qd1 Qc7 26. Rec2 Rc6 27. Qe2 Qb7 28. Nf4 g6 29. h4 h5 30. Ng2 b4 31. axb4 axb4 32. cxb4 Bxb4 33. Rxc6 Rxc6 34. Rxc6 Qxc6 35. f3 Bd6 36. fxe4 Nxe4 37. Bf4 Bxf4 38. Nxf4 Nxg3 39. Qg2 Qc1+ 0-1

[Event "World Amateur-ch U1700 (Women)"]
[Site "Cagliari"]
[Date "2018.04.27"]
[Round "7"]
[White "Jaramillo, Amparo"]
[Black "Alawadhi, Amenah"]
[Result "0-1"]
[WhiteElo "1419"]
[BlackElo "1411"]
[PlyCount "136"]
[EventDate "2018.04.22"]
[EventType "swiss"]
[EventRounds "9"]
[EventCountry "ITA"]
[SourceTitle "CBM 184 Extra"]
[Source "ChessBase"]
[SourceDate "2018.06.28"]
[SourceVersion "1"]
[SourceVersionDate "2018.06.28"]
[SourceQuality "1"]

1. e4 e6 2. d4 d5 3. Nc3 Nf6 4. Bg5 dxe4 5. Nxe4 Be7 6. Nxf6+ Bxf6 7. Be3 0-0 8. c3 b6 9. Nf3 Ba6 10. Bxa6 Nxa6 11. Qd2 Qd5 12. 0-0 c5 13. dxc5 Qxd2 14. Bxd2 Nxc5 15. Ne1 Rad8 16. Be3 Ne4 17. f3 Nd2 18. Rf2 Nc4 19. Re2 Nxe3 20. Rxe3 Rd2 21. Rb1 Rfd8 22. Kf1 Bg5 23. Re2 Rxe2 24. Kxe2 Rd2+ 25. Kf1 Be3 26. Nd3 Rxd3 27. Ke2 Rd2+ 28. Kxe3 Rxg2 29. Rd1 g6 30. Rd2 Rg5 31. Kf2 Kf8 32. b3 Ke7 33. c4 a5 34. Ke3 Rc5 35. a4 f6 36. Rd4 h5 37. h4 e5 38. Rd2 Rc6 39. Rg2 f5 40. Kd3 Kf6 41. Kc3 Rd6 42. b4 Rd4 43. bxa5 bxa5 44. Rh2 Rf4 45. Rh3 e4 46. fxe4 Rxe4 47. Kb3 Rg4 48. c5 Rb4+ 49. Kc3 Rxa4 50. Kb3 Rg4 51. c6 Rb4+ 52. Kc3 Rb8 53. Kc4 Rc8 54. Kc5 g5 55. hxg5+ Kxg5 56. Kb6 f4 57. Kb7 Re8 58. c7 Kg4 59. Rh1 f3 60. c8Q+ Rxc8 61. Kxc8 h4 62. Ra1 f2 63. Kd7 Kg3 64. Ke6 Kg2 65. Rxa5 f1Q 66. Rg5+ Kh3 67. Rf5 Qxf5+ 68. Kxf5 Kg3 0-1

[Event "World Amateur-ch U1700 (Women)"]
[Site "Cagliari"]
[Date "2018.04.26"]
[Round "6"]
[White "Jaramillo, Amparo"]
[Black "Orru`, Giulia"]
[Result "1-0"]
[WhiteElo "1419"]
[BlackElo "1334"]
[PlyCount "105"]
[EventDate "2018.04.22"]
[EventType "swiss"]
[EventRounds "9"]
[EventCountry "ITA"]
[SourceTitle "CBM 184 Extra"]
[Source "ChessBase"]
[SourceDate "2018.06.28"]
[SourceVersion "1"]
[SourceVersionDate "2018.06.28"]
[SourceQuality "1"]

1. e4 Nf6 2. e5 Nd5 3. d4 d6 4. Nf3 Bg4 5. Be2 g6 6. h3 Bxf3 7. Bxf3 e6 8. c4 Nb6 9. Bxb7 N8d7 10. Bxa8 Qxa8 11. 0-0 Nxc4 12. b3 Ncb6 13. Bb2 Bg7 14. Re1 0-0 15. Nd2 Nd5 16. Nf3 Nf4 17. Rc1 Rc8 18. exd6 c6 19. Rc2 Qb8 20. Ba3 Nf6 21. Ne5 Qb7 22. Qf3 Bh6 23. Rxc6 Rd8 24. Rc3 Qa6 25. Bc1 N6d5 26. Rc2 Rxd6 27. Bxf4 Bxf4 28. g3 Qa5 29. Ree2 Bxe5 30. dxe5 Rd8 31. Rc4 Nb6 32. Rc7 Rf8 33. Rec2 Qe1+ 34. Kg2 Qxe5 35. Rxa7 Qb5 36. Rcc7 Qe8 37. Re7 Qxe7 38. Rxe7 Nd5 39. Rb7 h5 40. h4 Kg7 41. a4 Nf6 42. a5 Ra8 43. b4 Ra6 44. Qd3 Ra8 45. a6 Nd5 46. Qd4+ Kg8 47. a7 Rd8 48. Rb8 g5 49. Rxd8+ Kh7 50. a8R gxh4 51. Rh8+ Kg6 52. Rag8+ Kf5 53. Rxh5# 1-0

[Event "World Amateur-ch U1700 (Women)"]
[Site "Cagliari"]
[Date "2018.04.23"]
[Round "3"]
[White "Jaramillo, Amparo"]
[Black "Popova, Vilena"]
[Result "0-1"]
[WhiteElo "1419"]
[BlackElo "1630"]
[PlyCount "124"]
[EventDate "2018.04.22"]
[EventType "swiss"]
[EventRounds "9"]
[EventCountry "ITA"]
[SourceTitle "CBM 184 Extra"]
[Source "ChessBase"]
[SourceDate "2018.06.28"]
[SourceVersion "1"]
[SourceVersionDate "2018.06.28"]
[SourceQuality "1"]

1. e4 d5 2. exd5 Qxd5 3. Nc3 Qa5 4. Nf3 Nf6 5. h3 c6 6. Bc4 Bf5 7. d3 e6 8. 0-0 Be7 9. Ne2 Nbd7 10. Ng3 Bg6 11. Bd2 Qc7 12. Bc3 0-0 13. Re1 Nd5 14. Bd2 Bc5 15. Ne4 Bb6 16. c3 N7f6 17. Nxf6+ Nxf6 18. d4 Bh5 19. Be2 Qd6 20. Ne5 Bxe2 21. Rxe2 c5 22. Nc4 Qc7 23. Nxb6 Qxb6 24. Be3 cxd4 25. Bxd4 Qd8 26. Qb3 b6 27. Rd1 Nd5 28. Be3 Qf6 29. c4 Nxe3 30. Rxe3 Rad8 31. Red3 h6 32. Qc2 Rxd3 33. Rxd3 Rc8 34. b4 Qf4 35. Rc3 Rd8 36. Rf3 Qd4 37. a3 Qd1+ 38. Qxd1 Rxd1+ 39. Kh2 Rc1 40. Rf4 Rc3 41. a4 Ra3 42. c5 bxc5 43. b5 Rc3 44. f3 f5 45. a5 Rb3 46. b6 axb6 47. axb6 Rxb6 48. Rc4 Rb5 49. Kg3 Kf7 50. Kf2 e5 51. g4 f4 52. Ke2 Ke6 53. Kd3 Kd5 54. Re4 Rb3+ 55. Ke2 Re3+ 56. Rxe3 fxe3 57. Kxe3 g5 58. Kd3 c4+ 59. Kc3 Kc5 60. Kc2 Kd4 61. Kd2 c3+ 62. Kc2 Kc4 0-1

[Event "Caldense-ch"]
[Site "Manizales"]
[Date "2017.10.29"]
[Round "8"]
[White "Jaramillo, Amparo"]
[Black "Molina, Luisa Fernanda"]
[Result "1-0"]
[WhiteElo "1382"]
[BlackElo "1620"]
[PlyCount "51"]
[EventDate "2017.10.26"]
[EventType "swiss"]
[EventRounds "8"]
[EventCountry "COL"]
[SourceTitle "CBM 181 Extra"]
[Source "ChessBase"]
[SourceDate "2017.12.12"]
[SourceVersion "1"]
[SourceVersionDate "2017.12.12"]
[SourceQuality "1"]

1. e4 d6 2. d4 Nf6 3. Nc3 e5 4. dxe5 dxe5 5. Qxd8+ Kxd8 6. Bg5 c6 7. 0-0-0+ Ke8 8. f3 Be6 9. a3 Be7 10. Bd3 Nh5 11. Bxe7 Kxe7 12. Nge2 Nd7 13. g4 Nhf6 14. Ng3 Nc5 15. Be2 Rhd8 16. h4 Rxd1+ 17. Rxd1 Rd8 18. Rxd8 Kxd8 19. b4 Ncd7 20. Nd1 Ne8 21. Ne3 Nd6 22. Kb2 g6 23. c4 c5 24. Kc3 f6 25. h5 b5 26. cxb5 1-0

[Event "COL-chT (Women)"]
[Site "Ibague"]
[Date "2017.07.19"]
[Round "2.4"]
[White "Caballero Marrugo, Maria Jose"]
[Black "Jaramillo, Amparo"]
[Result "1-0"]
[WhiteElo "1280"]
[BlackElo "1376"]
[PlyCount "25"]
[EventDate "2017.07.19"]
[EventType "team-swiss"]
[EventRounds "6"]
[EventCountry "COL"]
[SourceTitle "CBM 179 Extra"]
[Source "ChessBase"]
[SourceDate "2017.08.23"]
[SourceVersion "1"]
[SourceVersionDate "2017.08.23"]
[SourceQuality "1"]
[WhiteTeam "Bolivar (W)"]
[BlackTeam "Cladas (W)"]
[WhiteTeamCountry "COL"]
[BlackTeamCountry "COL"]

1. e4 e6 2. d4 d5 3. Bd3 dxe4 4. Bxe4 Nf6 5. Bf3 c5 6. Ne2 Nc6 7. Be3 cxd4 8. Nxd4 Bd7 9. 0-0 Be7 10. Nd2 0-0 11. N2b3 Rc8 12. Nxc6 Bxc6 13. Bxa7 1-0

[Event "COL-ch Amateur U1700"]
[Site "Bogota"]
[Date "2017.03.04"]
[Round "5"]
[White "Fraile Vela, Maria Isabel"]
[Black "Jaramillo, Amparo"]
[Result "1-0"]
[WhiteElo "1611"]
[BlackElo "1416"]
[PlyCount "49"]
[EventDate "2017.03.02"]
[EventType "swiss"]
[EventRounds "7"]
[EventCountry "COL"]
[SourceTitle "CBM 177 Extra"]
[Source "ChessBase"]
[SourceDate "2017.04.27"]
[SourceVersion "1"]
[SourceVersionDate "2017.04.27"]
[SourceQuality "1"]

1. e4 e6 2. d4 d5 3. exd5 Qxd5 4. Nc3 Bb4 5. Nge2 Nf6 6. a3 Bxc3+ 7. Nxc3 Qd8 8. Bd3 b6 9. 0-0 Bb7 10. Re1 Nbd7 11. Bg5 h6 12. Bh4 0-0 13. Ne4 Rc8 14. Qf3 Bxe4 15. Bxe4 c5 16. Bc6 Qc7 17. Bb7 Rcd8 18. Bg3 e5 19. dxe5 Ne8 20. e6 Nd6 21. Bxd6 Qxd6 22. e7 Rde8 23. exf8Q+ Kxf8 24. Rxe8+ Kxe8 25. Bc6 1-0

[Event "COL sub zt 2.3.4 (Women)"]
[Site "La Dorada"]
[Date "2016.11.04"]
[Round "5"]
[White "Sarmiento, Carolina"]
[Black "Jaramillo, Amparo"]
[Result "1-0"]
[WhiteElo "1630"]
[BlackElo "1434"]
[PlyCount "48"]
[EventDate "2016.11.02"]
[EventType "swiss"]
[EventRounds "9"]
[EventCountry "COL"]
[SourceTitle "CBM 175 Extra"]
[Source "ChessBase"]
[SourceDate "2016.12.12"]
[SourceVersion "1"]
[SourceVersionDate "2016.12.12"]
[SourceQuality "1"]

1. e4 d5 2. exd5 Qxd5 3. Nc3 Qa5 4. d4 c6 5. Nf3 Bg4 6. Bd3 e6 7. 0-0 Nf6 8. Bd2 Qc7 9. h3 Bh5 10. Ne4 Nbd7 11. Re1 Nxe4 12. Bxe4 Nf6 13. Bd3 Bd6 14. c3 Bg6 15. Bg5 Bxd3 16. Qxd3 Be7 17. Rad1 0-0 18. a3 h6 19. Bh4 Rfe8 20. Bg3 Qb6 21. Qc2 Bd8 22. Qe2 Bc7 23. Ne5 Rad8 24. b4 a6 1-0